| 000 | 00785cam a22002653a 4500 | ||
|---|---|---|---|
| 001 | 12403 | ||
| 003 | PGUSA | ||
| 005 | 20140828083248.0 | ||
| 008 | 040501s2004||||xxu|||||s|||||000 1 eng d | ||
| 040 |
_aPGUSA _beng |
||
| 042 | _adc | ||
| 050 | 4 | _aPR | |
| 100 | 1 |
_aWard, Humphry, _cMrs, _d1851-1920 |
|
| 245 | 1 | 0 |
_aFenwick's Career _h[electronic resource] / _cHumphry, Ward |
| 260 |
_bProject Gutenberg, _c2004 |
||
| 506 | _aPublic domain in the USA. | ||
| 516 | _aElectronic text | ||
| 653 | _aEngland -- Social life and customs -- Fiction | ||
| 653 | _aLondon (England) -- Fiction | ||
| 653 | _aMarried people -- England -- Fiction | ||
| 653 | _aPainters -- Fiction | ||
| 830 | 0 |
_aProject Gutenberg _v12403 |
|
| 856 | 4 | 0 | _uhttp://www.gutenberg.org/ebooks/12403 |
| 942 | _cEB | ||
| 999 |
_c241658 _d241658 |
||